[Event "Zlota Wieza op 49th"]
[Site "Gniezno"]
[Date "2007.05.25"]
[Round "8"]
[White "Garbala, Kamila"]
[Black "Jackowska, Aleksandra"]
[Result "0-1"]
[WhiteElo "1250"]
[BlackElo "2019"]
[PlyCount "90"]
[EventDate "2007.05.20"]
[EventType "swiss"]
[EventRounds "9"]
[EventCountry "POL"]
[SourceTitle "EXT 2011"]
[Source "ChessBase"]
[SourceDate "2010.11.26"]
[SourceVersion "1"]
[SourceVersionDate "2010.11.26"]
[SourceQuality "1"]

1. e4 c6 2. Nc3 d5 3. exd5 cxd5 4. d4 Nc6 5. Nf3 Bg4 6. Be2 Nf6 7. Ne5 Bxe2 8. Qxe2 e6 9. Qb5 Qc8 10. Nxc6 bxc6 11. Qa4 Be7 12. 0-0 0-0 13. Bg5 Qc7 14. Qa6 Ng4 15. g3 Bxg5 16. Qe2 Nh6 17. Qh5 Bf6 18. Rad1 Qb6 19. Na4 Qb4 20. b3 Bxd4 21. Qf3 Bf6 22. Qe3 Nf5 23. Qf3 c5 24. Qd3 Rfc8 25. c3 Qa5 26. c4 d4 27. Qd2 Qxd2 28. Rxd2 e5 29. Re1 Rc7 30. Nb2 Re8 31. f4 e4 32. Rde2 Ne3 33. Kf2 Rce7 34. Na4 Ng4+ 35. Kg2 d3 36. Rd2 Bd4 37. h3 Ne3+ 38. Kf2 Nc2+ 39. Kf1 Nxe1 40. Kxe1 e3 41. Rxd3 e2 42. Rf3 Re3 43. Rxe3 Rxe3 44. g4 Re4 45. f5 Bf2+ 0-1

[Event "Zlota Wieza op 49th"]
[Site "Gniezno"]
[Date "2007.05.23"]
[Round "6"]
[White "Litwiniec, Zuzanna"]
[Black "Garbala, Kamila"]
[Result "1/2-1/2"]
[WhiteElo "1800"]
[BlackElo "1250"]
[PlyCount "43"]
[EventDate "2007.05.20"]
[EventType "swiss"]
[EventRounds "9"]
[EventCountry "POL"]
[SourceTitle "EXT 2011"]
[Source "ChessBase"]
[SourceDate "2010.11.26"]
[SourceVersion "1"]
[SourceVersionDate "2010.11.26"]
[SourceQuality "1"]

1. e4 e5 2. Nc3 Nf6 3. Bc4 Nc6 4. f4 Bc5 5. Nf3 d6 6. d3 Ng4 7. Rf1 0-0 8. fxe5 dxe5 9. Bg5 Be7 10. Bxe7 Qxe7 11. Nd5 Qd6 12. a3 Nd4 13. h3 Nxf3+ 14. Rxf3 c6 15. Nc3 b5 16. Ba2 Nf6 17. Qd2 Rb8 18. 0-0-0 b4 19. Nb1 bxa3 20. Nxa3 Qd4 21. c3 Qb6 22. Rdf1 1/2-1/2